000 00878nac a22002171u 4500
010 _a 2002019112
020 _a0130661953
082 0 0 _a658.4032
_bR397
090 _c4152
_d4152
100 _aRender, Barry.
245 1 0 _aManagerial decision modeling with spreadsheets /
_cBarry Render, Ralph M. Stair, Jr., Nagraj (Raju) Balakrishnan.
260 _aUpper Saddle River, N.J. :
_bPrentice Hall,
_cc2003.
300 _axxiii, 616 p. :
_bill. ;
_c26 cm. +
504 _aIncludes bibliographical references and index.
650 0 _aManagement
_xMathematical models.
650 0 _aManagement science.
700 1 _aStair, Ralph M.
700 1 _aBalakrishnan, Nagraj.
942 _cBB
_k658.4032R397
999 _c4152
_d4152